UM Logo
Normal view MARC view
  • Irwin-Turner Anthea.

Entry Personal Name

Number of records used in: 1

001 - CONTROL NUMBER

  • control field: 50575

003 - CONTROL NUMBER IDENTIFIER

  • control field: OSt

005 - DATE AND TIME OF LATEST TRANSACTION

  • control field: 20240104144610.0

008 - FIXED-LENGTH DATA ELEMENTS

  • fixed length control field: 240104|| aca||aabn | a|a d

040 ## - CATALOGING SOURCE

  • Original cataloging agency: OSt
  • Transcribing agency: OSt

100 ## - HEADING--PERSONAL NAME

  • Personal name: Irwin-Turner Anthea.

670 ## - SOURCE DATA FOUND

  • Source citation: Work cat.: (OSt): Irwin-Turner Anthea., Language, media and society /, ©2023.